000 00473nam a2200193Ia 4500
003 0100
008 130227s9999 xx 000 0 und d
040 _cARRUPELIB
050 _aLB1628.L35 1973
100 _aLawton Denis
245 _aSocial change, educational theory and curriculum planning
260 _aLondon
260 _bHodder and Stoughton
260 _C1973
300 _a174p.
300 _b 22cm.
650 _bCommunity development
942 _2lcc
_01
999 _c4530
_d4530